000 00509nam a2200181Ia 4500
001 20732
005 20260306172827.0
008 260306t2024||||xx |||||||||||||| ||spa||
041 _aESP
082 _a343.7
_bS21
100 _aSanty Cabrera, Luiggi,
_eAUT
245 0 _aResponsabilidad administrativa funcional y potestad sancionadora de la Contraloría General de la República
260 _c2024
300 _a1135 páginas :
_c25 cm.
650 _aGEN
654 _aCDE
942 _cLIB
_dJUS
_fJUS
_2ddc
_n
999 _c20732
_d20732